000 00600nam a2200205Ii 4500
003 JO-AjNU
008 230606s9999||||xx |||||||||||||| ||und||
020 _a978-93-5111-400-0
040 _aJO-AjNU
_beng
_erda
_cJO-AjNU
041 _aeng
050 1 4 _aTA1145.2014
100 3 _aSingh,Sateyesh,
_eauthor
_93981
245 0 0 _aTransportion Engineering
264 3 1 _aNew Delhi:Random pub,2014
300 _a310p
_bصور توضيحية
336 _atext
_btxt
_2rdacontent
337 _aunmediated
_bn
_2rdamedia
338 _avolume
_bnc
_2rdacarrier
650 4 _aTransportion Engineering
_93982
999 _aE2074
_c2073
_d2073